00202nam a2200085Ia 4500100002600000650001500026245002100041260003100062546002300093 aUniversity of Mumbai  aCompendium aCompendium vol.2 bUniversity of Mumbaic2009 aENGLISHcComputers